• 首页
  • 本馆介绍
  • 公告通知
  • 最新文献
  • 馆藏检索
  • 电子资源
  • 读者导购
  • 参考咨询
  • 我的图书馆
  • 登录
  • 详细信息显示
  • 放入我的书架
  • 预约/预借图书
  • 作者相关作品
  • 分类相关作品
  • 丛书相关作品
  • 出版社相关作品

书目信息

  • 表格格式
  • 工作单格式
  • 卡片格式
题名:
生物无机化学原理
    
 
作者: 菲亚班 , 威廉斯 , Willams 著 ;冯子道 译
分册:  
出版信息: 北京   科学出版社  1987
页数: 161页
开本: 19cm
丛书名:
单 册:
中图分类: Q58 , Q5
科图分类:
主题词: 生物化学-无机化学 , 无机化学-生物化学 , 生物化学
电子资源:
ISBN: 7-03-000077-3
000 01016nam0 2200325 45
001 0187010541
005 20040525082243.5
010    @a7-03-000077-3@dCNY1.30
100    @a19900830d1987 em y0chiy0121 ea
101 1  @achi@ceng
102    @aCN@b110000
105    @ay z 000yy
106    @ar
200 10 @a生物无机化学原理@Asheng wu wu ji hua xue yuan li@f(英)菲亚班(Fiabane, A.M.),(英)威廉斯(Willang, D.R.)著@g冯子道等译
210    @a北京@c科学出版社@d1987
215    @a161页@d19cm
300    @a书名原文:The prnciples of fio-inorganic chemistry.
510 1  @aThe prnciples of fio-inorganic chemistry@zeng
606    @a生物化学-无机化学
606    @a无机化学-生物化学
606 0  @a生物化学
690    @aQ58@v3
690    @aQ5
701  1 @a菲亚班@Afei ya ban@bA.M.@dFiabane@4著
701  1 @a威廉斯@Awei lian si@bD.R.@4著
701 A1 @aWillams@bD.R.@4著
702  0 @a冯子道@Afeng zi dao@4译
801  0 @aCN@b深圳图书馆@c20040525
801  2 @aCN@bNLC@c20040525
905    @f1@b206180@dQ5@e42
    
    生物无机化学原理/(英)菲亚班(Fiabane, A.M.),(英)威廉斯(Willang, D.R.)著/冯子道等译.-北京:科学出版社,1987
    161页;19cm
    书名原文:The prnciples of fio-inorganic chemistry.
    
    ISBN 7-03-000077-3:CNY1.30
    
●
相关链接 在E读中查询图书 在五车中查询图书 在当当中查询图书 在豆瓣中查询图书


正题名:生物无机化学原理     索取号:Q5/42         预约/预借

序号 登录号 条形码 馆藏地/架位号 状态 备注
1 0206180   000076205   第三借阅区/ [索取号:Q5/42] 在馆    
2 0206181   000076198   第三借阅区/ [索取号:Q5/42] 在馆    
3 0206182   202107969   第二样本阅览室/ [索取号:Q5/42] 在馆    
唐山师范学院图书馆 欢迎您!
大连网信软件有限公司© 版权所有